000 00797cab a2200241 4500
001 ABS51400
008 090401t1994 xxu||||| |||| 00| 0 eng d
035 _a(Sirsi) u24907
041 _aeng
100 _aCherrett, T.
245 _aLiving in the country
260 _c1994
350 _a0
490 _aPlanning Week
_v2(39) 29 September 1994, 14-15(2)
520 _aConsiders the approach taken by the Sussex Rural Community Council in assessing the social housing requirements of two rural communities in Horsham and Mid-Sussex. Results of the surveys are examined in relation to planning requirements
650 _aPLANNING POLICY
650 _aRURAL HOUSING
650 _aSOCIAL HOUSING
690 _aHOUSING
690 _aRURAL PRACTICE
942 _n0
948 _c04/03/1997
999 _c16705
_d16705